000 00797cab a2200253 4500
001 WB2626-16
008 090401t1990 xxu||||| |||| 00| 0 eng d
035 _a(Sirsi) u3158
041 _aeng
245 _aInstitution portfolios see fall in profits
260 _c1990
350 _a0
490 _aDaily Telegraph
_v3/7/90 p25
520 _aThe MGL-CIG Property Index shows a general fall in returns on property investment s after two years of record-breaking growth reports Morgan Grenfell Laurie .
650 _aCAPITAL VALUES
650 _aINSTITUTIONS
650 _aOFFICES
650 _aPERFORMANCE
650 _aRETAIL WAREHOUSING
650 _aSLUMP
690 _aPROPERTY-COMMERCIAL PROPERTY-COMMERCIAL PROPERTY FINANCE AND INVESTMENT
942 _n0
948 _c04/03/1997
999 _c1922
_d1922